• AIU
  • Tony Wilmot Memorial Library

Nominalisation & borrowing as Awing word formation strategies (Record no. 56726)

MARC details
000 -LEADER
fixed length control field 00817nam a22002297a 4500
003 - CONTROL NUMBER IDENTIFIER
control field OSt
005 - DATE AND TIME OF LATEST TRANSACTION
control field 20170523020005.0
008 - FIXED-LENGTH DATA ELEMENTS--GENERAL INFORMATION
fixed length control field 130319b xxu||||| |||| 00| 0 eng d
040 00 - CATALOGING SOURCE
Original cataloging agency AIU Library - Kenya
Transcribing agency AIU Library - Kenya
Modifying agency AIU Library - Kenya
050 14 - LIBRARY OF CONGRESS CALL NUMBER
Classification number PL 8026.N44
Item number C37 2012
100 10 - MAIN ENTRY--PERSONAL NAME
Personal name Christian, Alomofor.
245 ## - TITLE STATEMENT
Title Nominalisation & borrowing as Awing word formation strategies
Statement of responsibility, etc by Alomofor Christian.
260 ## - PUBLICATION, DISTRIBUTION, ETC. (IMPRINT)
Place of publication, distribution, etc [Nairobi, Kenya]
Date of publication, distribution, etc 2012
300 ## - PHYSICAL DESCRIPTION
Extent xii, 61 p.;
490 ## - SERIES STATEMENT
Series statement Thesis (M.A. Translation Studies) – Africa International University (Kenya)
500 ## - GENERAL NOTE
General note Thesis (M.A. Translation Studies) – AIU, Nairobi, 2012.
504 ## - BIBLIOGRAPHY, ETC. NOTE
Bibliography, etc Includes bibliography.
650 ## - SUBJECT ADDED ENTRY--TOPICAL TERM
Topical term or geographic name as entry element Awing
General subdivision African language.
650 ## - SUBJECT ADDED ENTRY--TOPICAL TERM
Topical term or geographic name as entry element Linguistics.
9 (RLIN) 383
650 ## - SUBJECT ADDED ENTRY--TOPICAL TERM
Topical term or geographic name as entry element Word formation.
942 ## - ADDED ENTRY ELEMENTS (KOHA)
Source of classification or shelving scheme Library of Congress Classification
Koha item type Reference
Koha issues (borrowed), all copies 2
Holdings
Withdrawn status Lost status Source of classification or shelving scheme Damaged status Not for loan Collection code Home library Current library Shelving location Date acquired Cost, normal purchase price Total Checkouts Full call number Barcode Date last seen Copy number Price effective from Koha item type Source of acquisition Date checked out
    Library of Congress Classification     Thesis AIU/NEGST - Tony Wilmot Memorial Library AIU/NEGST - Tony Wilmot Memorial Library Thesis in Reference 03/19/2013 10.00   THE PL 8026.N44C37 2012 R59700A3232 09/26/2019 1 03/19/2013 Reference    
    Library of Congress Classification     General Circulation AIU/NEGST - Tony Wilmot Memorial Library AIU/NEGST - Tony Wilmot Memorial Library General Stacks 03/19/2013 10.00 2 PL 8026.N44C37 2012 R59701J3232 09/26/2019 2 03/19/2013 Books Donation 05/22/2017